| 000 | 00682nam a2200205Ia 4500 | ||
|---|---|---|---|
| 008 | 191130s2001##################000#0#eng## | ||
| 020 | _a9780375725791 | ||
| 040 |
_aACL _cACL |
||
| 082 | _a332.042 EPP | ||
| 100 | _aEpping, Randy Charles | ||
| 245 |
_aA beginner’s guide to the world economy : eighty-one basic economic concepts that will change the way you see the world _cRandy Charles Epping |
||
| 250 | _a3rd vintage books ed | ||
| 260 |
_aNew York _bVintage Books _c2001 |
||
| 300 | _axviii, 232 p. : ill., maps ; 21 cm | ||
| 650 | _aFinance | ||
| 650 | _aInternational finance | ||
| 990 | _a19522a93ac10000c402cc74c398a163e | ||
| 991 | _a144167 | ||
| 999 |
_c354402 _d354402 |
||